|
|
|
|
| LEADER |
00000nam0a2200000 4500 |
| 001 |
669707 |
| 005 |
20240213111436.0 |
| 010 |
|
|
|a 978-5-4344-0979-7
|
| 090 |
|
|
|a 669707
|
| 100 |
|
|
|a 20231123d2023 k||y0rusy50 ca
|
| 101 |
0 |
|
|a rus
|
| 102 |
|
|
|a RU
|
| 105 |
|
|
|a a z 001yy
|
| 181 |
|
0 |
|a i
|b e
|
| 182 |
|
0 |
|a n
|
| 183 |
|
0 |
|a nc
|2 RDAcarrier
|
| 200 |
1 |
|
|a Моделирование многофазной фильтрации при физико-химическом воздействии на пласт. Методы увеличения нефтеотдачи и интенсификации скважин
|e монография
|f Р. Д. Каневская, А. В. Новиков
|
| 203 |
|
|
|a Текст
|b визуальный
|c непосредственный
|
| 210 |
|
|
|a Москва
|a Ижевск
|c Институт компьютерных исследований
|d 2023
|
| 215 |
|
|
|a 187 с.
|c ил.
|
| 283 |
|
|
|a volume
|2 RDAcarrier
|
| 320 |
|
|
|a Литература: с. 178-187
|
| 330 |
|
|
|a В монографии рассматриваются уравнения и модели физико-химических процессов при многофазной фильтрации в присутствии активных агентов, влияющих на характеристики вытеснения нефти и продуктивность скважин. Приводятся основные технологии увеличения нефтеотдачи и интенсификации добычи и условия применения различных методов. Даны основы математического моделирования физико-химических процессов при использовании этих технологий. Помимо этого представлены разномасштабные модели кислотного воздействия на карбонатный пласт, механизм которого также связан с химическим взаимодействием активного агента — кислоты и породы, приводится обзор многочисленных результатов лабораторных экспериментов, которые могут служить основой для математического моделирования. Книга будет полезна широкому кругу читателей: студентам и аспирантам, инженерам и научным работникам, занимающимся моделированием месторождений углеводородов.
|
| 606 |
1 |
|
|a Нефтяные пласты
|x Нефтеотдача
|x Физико-химические методы
|9 65183
|
| 606 |
1 |
|
|a Нефтяные месторождения
|x Системы разработки
|x Интенсификация
|9 65157
|
| 610 |
1 |
|
|a математическое моделирование
|
| 610 |
1 |
|
|a многофазная фильтрация
|
| 610 |
1 |
|
|a скважины
|
| 610 |
1 |
|
|a кислотное воздействие
|
| 610 |
1 |
|
|a активные агенты
|
| 610 |
1 |
|
|a увелечение
|
| 610 |
1 |
|
|a продуктивность
|
| 610 |
1 |
|
|a вытеснение
|
| 610 |
1 |
|
|a физико-химические процессы
|
| 610 |
1 |
|
|a монографии
|
| 675 |
|
|
|a 622.276.6
|v 4
|z rus
|
| 675 |
|
|
|a 622.276.63
|v 4
|z rus
|
| 700 |
|
1 |
|a Каневская
|b Р. Д.
|g Регина Дмитриевна
|
| 701 |
|
1 |
|a Новиков
|b А. В.
|g Алексей Викторович
|
| 801 |
|
0 |
|a RU
|b 63413507
|c 20231212
|
| 942 |
|
|
|c BK
|